Normal view
MARC view
Entry Término temático
001 - NÚMERO DE CONTROL
- campo de control: 77293
003 - IDENTIFICADOR DEL NÚMERO DE CONTROL
- campo de control: OSt
005 - FECHA Y HORA DE LA ÚLTIMA TRANSACCIÓN
- campo de control: 20201118085200.0
008 - DATOS DE LONGITUD FIJA
- campo de control de longitud fija: 201118|| aca||aabn | a|a d
040 ## - FUENTE DE LA CATALOGACIÓN
- Centro catalogador/agencia de origen: OSt
- Centro/agencia transcriptor: OSt
150 ## - ENCABEZAMIENTO--TÉRMINO DE MATERIA
- Término de materia o nombre geográfico como elemento de entrada: Conducción de automóviles
- Subdivisión de forma: Manuales
670 ## - FUENTE DE DATOS ENCONTRADOS
- Cita de la fuente: Work cat.: (OSt)26425: República Dominicana Secretaría de Estado de Obras Públicas y Comunicación 54033, Manual de conducción y educación vial de la República Dominicana /, 2006.
